[Event "Sherbrooke op-A"]
[Site "Sherbrooke CAN"]
[Date "2008.05.24"]
[Round "3"]
[White "Lopez, Jose"]
[Black "Deschenes, Marc-Andre"]
[Result "1-0"]
[WhiteElo "1750"]
[BlackElo "1702"]
[PlyCount "117"]
[GameId "2160767910354597"]
[EventDate "2008.05.23"]
[EventType "swiss"]
[EventRounds "5"]
[EventCountry "CAN"]
[SourceTitle "EXT 2011"]
[Source "ChessBase"]
[SourceDate "2011.11.26"]
[SourceVersion "1"]
[SourceVersionDate "2011.11.26"]
[SourceQuality "1"]

1. e4 c5 2. Nf3 a6 3. d4 cxd4 4. Nxd4 Nf6 5. Nc3 e5 6. Nb3 Bb4 7. Bg5 d6 8. Be2 h6 9. Bxf6 Bxc3+ 10. bxc3 Qxf6 11. O-O O-O 12. Qd3 Rd8 13. a4 Nc6 14. a5 Be6 15. c4 Rac8 16. c3 Ne7 17. Nd2 Ng6 18. g3 Qg5 19. Kh1 Rc5 20. Rfb1 Qe7 21. Rb6 Rd7 22. Qb1 Rdc7 23. Ra2 R5c6 24. Rb4 Nf8 25. Rab2 Bc8 26. Nf1 Nh7 27. Ne3 Nf6 28. f3 Rc5 29. Qa1 g6 30. Bf1 Be6 31. Rd2 Qd8 32. Rb6 R5c6 33. Qb1 Rxb6 34. Qxb6 Rd7 35. Qb4 Qc7 36. Rb2 Qc6 37. Nd5 Bxd5 38. cxd5 Qc5 39. Qxc5 dxc5 40. Rb6 Ne8 41. Bh3 Rd8 42. Rxb7 Nd6 43. Rb6 Nb5 44. Rxa6 Nxc3 45. Rc6 Na4 46. a6 Ra8 47. Bc8 Kf8 48. Bb7 Ra7 49. d6 Ke8 50. Rc7 Kd8 51. Rxf7 c4 52. Rc7 Nb2 53. f4 exf4 54. gxf4 Nd3 55. f5 gxf5 56. exf5 Nf2+ 57. Kg2 Nd1 58. f6 Ne3+ 59. Kg1 1-0

[Event "Sherbrooke op-A"]
[Site "Sherbrooke CAN"]
[Date "2008.05.24"]
[Round "3"]
[White "Maharisoa, Tantely"]
[Black "Lavoie, Eric"]
[Result "0-1"]
[WhiteElo "1688"]
[BlackElo "1896"]
[PlyCount "52"]
[GameId "2160767910354598"]
[EventDate "2008.05.23"]
[EventType "swiss"]
[EventRounds "5"]
[EventCountry "CAN"]
[SourceTitle "EXT 2011"]
[Source "ChessBase"]
[SourceDate "2011.11.26"]
[SourceVersion "1"]
[SourceVersionDate "2011.11.26"]
[SourceQuality "1"]

1. d4 Nf6 2. c4 e6 3. Nf3 d5 4. e3 c6 5. Nc3 Bd6 6. Bd3 Nbd7 7. cxd5 exd5 8. h3 O-O 9. O-O Re8 10. Qc2 Qe7 11. e4 dxe4 12. Nxe4 Nxe4 13. Re1 Ndf6 14. Bg5 h6 15. Bxf6 Qxf6 16. Bxe4 Be6 17. a3 Bc7 18. Rad1 Bb6 19. d5 Bxd5 20. Bxd5 Rxe1+ 21. Nxe1 cxd5 22. Rxd5 Qe6 23. Rd1 Re8 24. Nf3 Rc8 25. Qa4 Qe2 26. Rd2 Rc1+ 0-1

[Event "Sherbrooke op-A"]
[Site "Sherbrooke CAN"]
[Date "2008.05.24"]
[Round "3"]
[White "Pilotte, Benoit"]
[Black "Drolet, Stephane"]
[Result "0-1"]
[WhiteElo "1788"]
[BlackElo "2122"]
[PlyCount "32"]
[GameId "2160767910354599"]
[EventDate "2008.05.23"]
[EventType "swiss"]
[EventRounds "5"]
[EventCountry "CAN"]
[SourceTitle "EXT 2011"]
[Source "ChessBase"]
[SourceDate "2011.11.26"]
[SourceVersion "1"]
[SourceVersionDate "2011.11.26"]
[SourceQuality "1"]

1. g4 e5 2. Bg2 Nc6 3. c4 Bc5 4. Nc3 Nh6 5. h3 f5 6. gxf5 Nxf5 7. e3 O-O 8. Be4 d6 9. Nf3 Nh4 10. Qe2 Bf5 11. Bd5+ Kh8 12. a3 Bg6 13. b4 Bxb4 14. Nxh4 Qxh4 15. Qg4 Qxf2+ 16. Kd1 Bxc3 0-1

[Event "Sherbrooke op-A"]
[Site "Sherbrooke CAN"]
[Date "2008.05.24"]
[Round "3"]
[White "Schomers, Philippe"]
[Black "Dorion, Francois"]
[Result "1-0"]
[WhiteElo "1880"]
[BlackElo "1696"]
[PlyCount "63"]
[GameId "2160767910354600"]
[EventDate "2008.05.23"]
[EventType "swiss"]
[EventRounds "5"]
[EventCountry "CAN"]
[SourceTitle "EXT 2011"]
[Source "ChessBase"]
[SourceDate "2011.11.26"]
[SourceVersion "1"]
[SourceVersionDate "2011.11.26"]
[SourceQuality "1"]

1. c4 Nf6 2. Nc3 c5 3. g3 Nc6 4. Bg2 e6 5. e4 d6 6. Nge2 Be7 7. O-O a6 8. d4 O-O 9. b3 Qc7 10. dxc5 dxc5 11. Bf4 Qa5 12. Qc2 e5 13. Bd2 Rd8 14. Nd5 Qa3 15. Nec3 Nxd5 16. Nxd5 Bf8 17. Bc3 Nd4 18. Qd2 Rxd5 19. exd5 Bh3 20. Bxd4 Bxg2 21. Kxg2 exd4 22. Rfe1 b5 23. Rad1 bxc4 24. bxc4 Qa4 25. Rc1 Rb8 26. Qc2 Qd7 27. Rb1 Rxb1 28. Qxb1 Qa4 29. Qb3 Qa5 30. Rc1 d3 31. Qxd3 Qxa2 32. d6 1-0

[Event "Sherbrooke op-A"]
[Site "Sherbrooke CAN"]
[Date "2008.05.25"]
[Round "4"]
[White "Deschenes, Marc-Andre"]
[Black "Maharisoa, Tantely"]
[Result "1-0"]
[WhiteElo "1702"]
[BlackElo "1688"]
[PlyCount "73"]
[GameId "2160767910354601"]
[EventDate "2008.05.23"]
[EventType "swiss"]
[EventRounds "5"]
[EventCountry "CAN"]
[SourceTitle "EXT 2011"]
[Source "ChessBase"]
[SourceDate "2011.11.26"]
[SourceVersion "1"]
[SourceVersionDate "2011.11.26"]
[SourceQuality "1"]

1. e4 c5 2. Nf3 Nc6 3. d4 cxd4 4. Nxd4 Nf6 5. Nc3 g6 6. Be2 d6 7. O-O Bg7 8. Be3 O-O 9. h3 Bd7 10. Nb3 a6 11. a4 a5 12. f4 Rc8 13. Bf3 Be6 14. Nd5 Nd7 15. c3 f5 16. Nd4 Nxd4 17. Bxd4 Bxd4+ 18. Qxd4 Nc5 19. Rfe1 fxe4 20. Bxe4 Bd7 21. Bc2 e6 22. Ne3 Qb6 23. Nc4 Qc7 24. Qxd6 Qxd6 25. Nxd6 Rcd8 26. Nb5 Bxb5 27. axb5 Rd2 28. Rac1 b6 29. g3 Rfd8 30. Red1 Rxd1+ 31. Rxd1 Rxd1+ 32. Bxd1 Kf7 33. Kg2 Kf6 34. Kf3 Nd3 35. b3 e5 36. Ke3 Nc5 37. Bc2 1-0

[Event "Sherbrooke op-A"]
[Site "Sherbrooke CAN"]
[Date "2008.05.25"]
[Round "4"]
[White "Dorion, Francois"]
[Black "Pilotte, Benoit"]
[Result "0-1"]
[WhiteElo "1696"]
[BlackElo "1788"]
[PlyCount "58"]
[GameId "2160767910354602"]
[EventDate "2008.05.23"]
[EventType "swiss"]
[EventRounds "5"]
[EventCountry "CAN"]
[SourceTitle "EXT 2011"]
[Source "ChessBase"]
[SourceDate "2011.11.26"]
[SourceVersion "1"]
[SourceVersionDate "2011.11.26"]
[SourceQuality "1"]

1. Nf3 g6 2. g3 c5 3. c4 Bg7 4. Nc3 d6 5. Bg2 Nc6 6. O-O Nf6 7. e3 Bg4 8. h3 Bf5 9. d4 Nb4 10. e4 Nxe4 11. Nxe4 Bxe4 12. Re1 Bc2 13. Qd2 Ba4 14. b3 Bc6 15. Bb2 O-O 16. a3 Na6 17. d5 Bxb2 18. Qxb2 Bd7 19. Re4 e5 20. Qd2 f6 21. Nh2 Nc7 22. Rae1 a5 23. Bf1 b5 24. Bd3 a4 25. Rh4 Qe7 26. Ng4 f5 27. Nxe5 dxe5 28. Bc2 Ra6 29. Qd3 Re8 0-1

[Event "Sherbrooke op-A"]
[Site "Sherbrooke CAN"]
[Date "2008.05.25"]
[Round "4"]
[White "Forget, David"]
[Black "Schomers, Philippe"]
[Result "1-0"]
[WhiteElo "1928"]
[BlackElo "1880"]
[PlyCount "68"]
[GameId "2160767910354603"]
[EventDate "2008.05.23"]
[EventType "swiss"]
[EventRounds "5"]
[EventCountry "CAN"]
[SourceTitle "EXT 2011"]
[Source "ChessBase"]
[SourceDate "2011.11.26"]
[SourceVersion "1"]
[SourceVersionDate "2011.11.26"]
[SourceQuality "1"]

1. d4 d5 2. c4 Nc6 3. cxd5 Qxd5 4. Nf3 e5 5. Nc3 Bb4 6. dxe5 Qxd1+ 7. Kxd1 Bxc3 8. bxc3 Bg4 9. Bf4 O-O-O+ 10. Kc2 Bf5+ 11. Kb2 Nge7 12. e3 Ng6 13. Bc4 Nxf4 14. exf4 Rhf8 15. Rad1 Na5 16. Rxd8+ Kxd8 17. Rd1+ Ke7 18. Bb3 c5 19. Bc2 Nc4+ 20. Kb1 Bg4 21. Be4 Bc8 22. Nd2 Na5 23. Bd5 f6 24. Ne4 fxe5 25. fxe5 Be6 26. Bxe6 Kxe6 27. Nxc5+ Kxe5 28. Rd7 b6 29. Nd3+ Ke4 30. f3+ Ke3 31. Kc2 Nc6 32. Rxg7 Rd8 33. Rg4 Ke2 34. Re4+ Kf1 1-0

[Event "Sherbrooke op-A"]
[Site "Sherbrooke CAN"]
[Date "2008.05.25"]
[Round "4"]
[White "Gauthier, Denis"]
[Black "Larochelle, Martial"]
[Result "0-1"]
[WhiteElo "1938"]
[BlackElo "2210"]
[PlyCount "58"]
[GameId "2160767910354604"]
[EventDate "2008.05.23"]
[EventType "swiss"]
[EventRounds "5"]
[EventCountry "CAN"]
[SourceTitle "EXT 2011"]
[Source "ChessBase"]
[SourceDate "2011.11.26"]
[SourceVersion "1"]
[SourceVersionDate "2011.11.26"]
[SourceQuality "1"]

1. d4 Nf6 2. c4 g6 3. Nc3 d5 4. Bf4 Bg7 5. Nf3 O-O 6. e3 c5 7. dxc5 Qa5 8. Rc1 dxc4 9. Bxc4 Qxc5 10. Bb3 Nc6 11. O-O Qa5 12. h3 e5 13. Bh2 Bf5 14. Qe2 Ne4 15. Nd5 Rfe8 16. Rfd1 Rad8 17. Qc4 Rc8 18. Nh4 Nd4 19. Nf6+ Bxf6 20. Qxf7+ Kh8 21. exd4 exd4 22. Nxf5 Qxf5 23. f3 Ng5 24. Qxb7 Rxc1 25. Rxc1 Nxh3+ 26. gxh3 Qg5+ 27. Kf2 Qe3+ 28. Kg2 Qd2+ 29. Kg3 Be5+ 0-1

[Event "Sherbrooke op-A"]
[Site "Sherbrooke CAN"]
[Date "2008.05.25"]
[Round "4"]
[White "Giroux, Robert"]
[Black "Germain, Benoit"]
[Result "0-1"]
[WhiteElo "1984"]
[BlackElo "1816"]
[PlyCount "60"]
[GameId "2160767910354605"]
[EventDate "2008.05.23"]
[EventType "swiss"]
[EventRounds "5"]
[EventCountry "CAN"]
[SourceTitle "EXT 2011"]
[Source "ChessBase"]
[SourceDate "2011.11.26"]
[SourceVersion "1"]
[SourceVersionDate "2011.11.26"]
[SourceQuality "1"]

1. e4 b6 2. d4 Bb7 3. Bd3 g6 4. f3 Bg7 5. c3 d6 6. Be3 e6 7. Qd2 h6 8. c4 Nd7 9. f4 Ngf6 10. d5 exd5 11. cxd5 Ng4 12. Nc3 Nxe3 13. Qxe3 O-O 14. Nge2 a6 15. O-O Qe7 16. Qf3 h5 17. Rad1 b5 18. e5 dxe5 19. d6 Qxd6 20. Qxb7 exf4 21. Qf3 Ne5 22. Qxf4 Rad8 23. Bb1 Qb6+ 24. Kh1 Rxd1 25. Rxd1 Ng4 26. Nd4 Be5 27. Qxe5 Nxe5 28. Nd5 Qd6 29. Nf3 Ng4 30. Rd2 Qc5 0-1

[Event "Sherbrooke op-A"]
[Site "Sherbrooke CAN"]
[Date "2008.05.25"]
[Round "4"]
[White "Jiang, Louie"]
[Black "Trinh, Tri Bao"]
[Result "0-1"]
[WhiteElo "2098"]
[BlackElo "2095"]
[PlyCount "110"]
[GameId "2160767910354606"]
[EventDate "2008.05.23"]
[EventType "swiss"]
[EventRounds "5"]
[EventCountry "CAN"]
[SourceTitle "EXT 2011"]
[Source "ChessBase"]
[SourceDate "2011.11.26"]
[SourceVersion "1"]
[SourceVersionDate "2011.11.26"]
[SourceQuality "1"]

1. e4 c5 2. Nf3 g6 3. d4 cxd4 4. Nxd4 Nc6 5. c4 Nf6 6. Nc3 Nxd4 7. Qxd4 d6 8. f3 Bg7 9. Be3 O-O 10. Qd2 a6 11. Be2 Qa5 12. O-O Be6 13. Rac1 Rfc8 14. b3 Rab8 15. a4 Nd7 16. Nb1 Qxd2 17. Nxd2 Nc5 18. a5 Bb2 19. Rc2 Ba3 20. Bd4 b6 21. Ra1 Bb4 22. axb6 Rxb6 23. Bc3 Bxc3 24. Rxc3 Rcb8 25. Ra3 a5 26. Kf2 a4 27. bxa4 Ra6 28. Bd1 Bd7 29. Ra1 Rba8 30. Rca3 Bxa4 31. Bxa4 Rxa4 32. Rxa4 Rxa4 33. Rxa4 Nxa4 34. Nb3 Nb6 35. Na5 Kf8 36. Ke3 e6 37. Kd4 e5+ 38. Kc3 Ke7 39. Kb4 Nd7 40. Nb3 f5 41. Nd2 Nc5 42. Kb5 h5 43. Kc6 Ke6 44. g3 Nd3 45. Kc7 f4 46. Kc6 g5 47. g4 hxg4 48. fxg4 Nf2 49. c5 dxc5 50. Kxc5 Nxg4 51. Nf3 Kf6 52. h4 gxh4 53. Nxh4 Nh2 54. Ng2 f3 55. Ne3 f2 0-1

[Event "Sherbrooke op-A"]
[Site "Sherbrooke CAN"]
[Date "2008.05.25"]
[Round "4"]
[White "Lavoie, Eric"]
[Black "Desjardins, Michel"]
[Result "1-0"]
[WhiteElo "1896"]
[BlackElo "1954"]
[PlyCount "113"]
[GameId "2160767910354608"]
[EventDate "2008.05.23"]
[EventType "swiss"]
[EventRounds "5"]
[EventCountry "CAN"]
[SourceTitle "EXT 2011"]
[Source "ChessBase"]
[SourceDate "2011.11.26"]
[SourceVersion "1"]
[SourceVersionDate "2011.11.26"]
[SourceQuality "1"]

1. d4 d5 2. Nf3 c6 3. e3 Bf5 4. c4 e6 5. Nc3 Nf6 6. cxd5 cxd5 7. Qb3 b6 8. Bb5+ Nfd7 9. Nxd5 Bd6 10. Nc3 O-O 11. O-O a6 12. Be2 Nf6 13. Bd2 Nc6 14. a3 b5 15. Rfc1 Rc8 16. Na2 Ne4 17. Bb4 Nxb4 18. Nxb4 Qb6 19. Nh4 Bg6 20. Nxg6 hxg6 21. Bf3 Ng5 22. Be2 Bb8 23. Qd3 Nh7 24. g3 Rfd8 25. Bf3 Nf6 26. Rc6 Rxc6 27. Nxc6 Re8 28. Nxb8 Qxb8 29. Rc1 Rc8 30. Rc3 Ne8 31. Qc2 Rxc3 32. Qxc3 Qc7 33. Qxc7 Nxc7 34. Kf1 Kf8 35. Ke2 Ke7 36. Kd3 Kd6 37. h4 a5 38. g4 Na6 39. Bb7 Nb8 40. f4 Kc7 41. Bf3 Kd6 42. e4 Nd7 43. e5+ Kc7 44. d5 exd5 45. Bxd5 f6 46. Kd4 g5 47. hxg5 fxe5+ 48. fxe5 b4 49. axb4 axb4 50. e6 Nb6 51. Ke5 Nc8 52. Bb3 Ne7 53. Kd4 Kd6 54. Kc4 Nc6 55. Kb5 Kc7 56. Bd5 Ne7 57. Kc5 1-0

[Event "Sherbrooke op-A"]
[Site "Sherbrooke CAN"]
[Date "2008.05.25"]
[Round "4"]
[White "Masse, Hugues"]
[Black "Drolet, Stephane"]
[Result "1-0"]
[WhiteElo "2237"]
[BlackElo "2122"]
[PlyCount "109"]
[GameId "2160767910354609"]
[EventDate "2008.05.23"]
[EventType "swiss"]
[EventRounds "5"]
[EventCountry "CAN"]
[SourceTitle "EXT 2011"]
[Source "ChessBase"]
[SourceDate "2011.11.26"]
[SourceVersion "1"]
[SourceVersionDate "2011.11.26"]
[SourceQuality "1"]

1. e4 Nc6 2. Nf3 d6 3. d4 Nf6 4. Nc3 Bg4 5. d5 Nb8 6. h3 Bxf3 7. Qxf3 g6 8. Be3 Bg7 9. g4 c6 10. O-O-O Qa5 11. Kb1 cxd5 12. exd5 Nbd7 13. Bd4 Rc8 14. Qe2 O-O 15. f4 a6 16. Qd2 Nb6 17. g5 Nh5 18. Bxg7 Nxg7 19. Ne4 Qa4 20. Nc3 Qb4 21. a3 Qa5 22. Ne4 Qxd2 23. Rxd2 Nf5 24. b3 Rc7 25. Be2 Nd7 26. Bg4 Nh4 27. Re1 Kg7 28. Nf2 Nc5 29. Ne4 Nxe4 30. Rxe4 Rh8 31. Rde2 Kf8 32. Kb2 h6 33. R2e3 Nf5 34. Rc3 Rxc3 35. Kxc3 b5 36. Kb4 Kg7 37. Ka5 hxg5 38. fxg5 Rc8 39. Kxa6 Rxc2 40. Kxb5 Rc5+ 41. Kb6 Rxd5 42. a4 e5 43. b4 Nd4 44. b5 f5 45. gxf6+ Kxf6 46. Bd7 Nb3 47. Bc6 Rd3 48. a5 d5 49. Rh4 e4 50. a6 Nd2 51. a7 Ra3 52. Bxd5 e3 53. Rh8 Ke7 54. a8=Q Rxa8 55. Rxa8 1-0

[Event "Sherbrooke op-A"]
[Site "Sherbrooke CAN"]
[Date "2008.05.25"]
[Round "5"]
[White "Deschenes, Marc-Andre"]
[Black "Dorion, Francois"]
[Result "1-0"]
[WhiteElo "1702"]
[BlackElo "1696"]
[PlyCount "35"]
[GameId "2160767910354610"]
[EventDate "2008.05.23"]
[EventType "swiss"]
[EventRounds "5"]
[EventCountry "CAN"]
[SourceTitle "EXT 2011"]
[Source "ChessBase"]
[SourceDate "2011.11.26"]
[SourceVersion "1"]
[SourceVersionDate "2011.11.26"]
[SourceQuality "1"]

1. e4 g6 2. d4 Nf6 3. e5 Nd5 4. c4 Nb6 5. Nf3 d6 6. exd6 cxd6 7. Be2 Bg7 8. Nc3 O-O 9. O-O Nc6 10. Be3 Bg4 11. b3 Rc8 12. Rc1 e5 13. dxe5 dxe5 14. Qxd8 Rfxd8 15. Nb5 e4 16. Nfd4 Bxe2 17. Nxe2 Nb4 18. Nxa7 1-0

[Event "Sherbrooke op-A"]
[Site "Sherbrooke CAN"]
[Date "2008.05.25"]
[Round "5"]
[White "Gauthier, Denis"]
[Black "Pilotte, Benoit"]
[Result "0-1"]
[WhiteElo "1938"]
[BlackElo "1788"]
[PlyCount "66"]
[GameId "2160767910354611"]
[EventDate "2008.05.23"]
[EventType "swiss"]
[EventRounds "5"]
[EventCountry "CAN"]
[SourceTitle "EXT 2011"]
[Source "ChessBase"]
[SourceDate "2011.11.26"]
[SourceVersion "1"]
[SourceVersionDate "2011.11.26"]
[SourceQuality "1"]

1. d4 d6 2. c4 e5 3. Nf3 Nd7 4. Nc3 c6 5. e4 Ngf6 6. Be2 exd4 7. Nxd4 Nc5 8. Qc2 a5 9. O-O Qb6 10. Nf5 g6 11. Bg5 Nfxe4 12. Nxe4 Bxf5 13. Nf6+ Ke7 14. Nd5+ Ke6 15. Nxb6 Bxc2 16. Nxa8 Bg7 17. Rae1 Kf5 18. Be3 Rxa8 19. g4+ Ke4 20. Bxc5 dxc5 21. Bd1+ Kd3 22. Bxc2+ Kxc2 23. Re7 Bxb2 24. Rxb7 Re8 25. f3 Bd4+ 26. Kg2 Kd3 27. Rb3+ Kxc4 28. Rc1+ Kd5 29. Kf1 c4 30. Ra3 c3 31. Rxa5+ c5 32. Ra7 Kc4 33. Rb7 Be3 0-1

[Event "Sherbrooke op-A"]
[Site "Sherbrooke CAN"]
[Date "2008.05.25"]
[Round "5"]
[White "Germain, Benoit"]
[Black "Schomers, Philippe"]
[Result "0-1"]
[WhiteElo "1816"]
[BlackElo "1880"]
[PlyCount "82"]
[GameId "2160767910354612"]
[EventDate "2008.05.23"]
[EventType "swiss"]
[EventRounds "5"]
[EventCountry "CAN"]
[SourceTitle "EXT 2011"]
[Source "ChessBase"]
[SourceDate "2011.11.26"]
[SourceVersion "1"]
[SourceVersionDate "2011.11.26"]
[SourceQuality "1"]

1. e4 d6 2. d4 Nf6 3. Nc3 Nbd7 4. Nf3 e5 5. dxe5 dxe5 6. Bg5 Be7 7. Bxf6 Bxf6 8. Nd5 c6 9. Nxf6+ Qxf6 10. Bd3 O-O 11. Qd2 Nc5 12. O-O-O Bg4 13. Qe3 Ne6 14. Rdg1 Bxf3 15. gxf3 b5 16. h4 Nc5 17. Rg3 Kh8 18. Qg5 Qxg5+ 19. hxg5 Ne6 20. Bf1 f6 21. g6 h6 22. Bh3 Ng5 23. Bd7 Rad8 24. Bxc6 Ne6 25. Bxb5 Nf4 26. Rxh6+ gxh6 27. g7+ Kh7 28. gxf8=Q Rxf8 29. Rg1 h5 30. b3 Rg8 31. Rh1 Rg2 32. Rf1 h4 33. Kd2 h3 34. Ke3 Kg7 35. Rh1 h2 36. Bd7 Kf7 37. c4 Ke7 38. Bf5 Kd6 39. b4 Kc6 40. a4 Rg1 41. Rxh2 Rd1 0-1

[Event "Sherbrooke op-A"]
[Site "Sherbrooke CAN"]
[Date "2008.05.25"]
[Round "5"]
[White "Jiang, Louie"]
[Black "Lopez, Jose"]
[Result "1-0"]
[WhiteElo "2098"]
[BlackElo "1750"]
[PlyCount "67"]
[GameId "2160767910354614"]
[EventDate "2008.05.23"]
[EventType "swiss"]
[EventRounds "5"]
[EventCountry "CAN"]
[SourceTitle "EXT 2011"]
[Source "ChessBase"]
[SourceDate "2011.11.26"]
[SourceVersion "1"]
[SourceVersionDate "2011.11.26"]
[SourceQuality "1"]

1. e4 c5 2. Nf3 d6 3. d4 cxd4 4. Nxd4 Nf6 5. Nc3 a6 6. Be3 e5 7. Nf3 Be6 8. a4 Nc6 9. Bg5 Be7 10. Be2 Qc7 11. O-O h6 12. Bxf6 gxf6 13. Nd5 Bxd5 14. exd5 Nb8 15. Nh4 Nd7 16. Nf5 Bf8 17. a5 Nc5 18. Ra3 Rc8 19. c4 Rg8 20. b4 Rg5 21. bxc5 Rxf5 22. Bg4 Rf4 23. Bxc8 Qxc8 24. Qa4+ Kd8 25. c6 bxc6 26. dxc6 d5 27. Rd3 d4 28. Rb3 Bd6 29. Rb7 Bc7 30. Qb4 Ke8 31. Ra7 d3 32. Qb7 Qxb7 33. cxb7 Rxc4 34. Ra8+ 1-0

[Event "Sherbrooke op-A"]
[Site "Sherbrooke CAN"]
[Date "2008.05.25"]
[Round "5"]
[White "Maharisoa, Tantely"]
[Black "Giroux, Robert"]
[Result "0-1"]
[WhiteElo "1688"]
[BlackElo "1984"]
[PlyCount "74"]
[GameId "2160767910354616"]
[EventDate "2008.05.23"]
[EventType "swiss"]
[EventRounds "5"]
[EventCountry "CAN"]
[SourceTitle "EXT 2011"]
[Source "ChessBase"]
[SourceDate "2011.11.26"]
[SourceVersion "1"]
[SourceVersionDate "2011.11.26"]
[SourceQuality "1"]

1. d4 g6 2. Nf3 Bg7 3. e3 c5 4. Bd3 Nf6 5. O-O cxd4 6. exd4 d5 7. h3 O-O 8. Re1 Nc6 9. c3 Qc7 10. Bg5 Re8 11. Bb5 Ne4 12. Nbd2 Nxg5 13. Nxg5 e6 14. Nf1 Qb6 15. Qe2 a6 16. Ba4 Qc7 17. Ne3 Rf8 18. Rad1 b5 19. Bc2 b4 20. Bd3 bxc3 21. bxc3 Bb7 22. Rb1 Rfc8 23. Rec1 Rab8 24. g3 Na5 25. h4 h6 26. Nh3 e5 27. dxe5 Bxe5 28. f4 Bg7 29. Nf2 Re8 30. Qd2 Qc5 31. Nfd1 Rbd8 32. Kh2 h5 33. Qe2 Qd6 34. Qf2 d4 35. cxd4 Bxd4 36. Nc4 Nxc4 37. Qf1 Nd2 0-1

[Event "Sherbrooke op-B"]
[Site "Sherbrooke CAN"]
[Date "2008.05.23"]
[Round "1"]
[White "Boyer, Eric"]
[Black "Toussaint, Claude"]
[Result "1-0"]
[WhiteElo "1514"]
[BlackElo "1555"]
[PlyCount "61"]
[GameId "2160767910354617"]
[EventDate "2008.05.23"]
[EventType "swiss"]
[EventRounds "5"]
[EventCountry "CAN"]
[SourceTitle "EXT 2011"]
[Source "ChessBase"]
[SourceDate "2011.11.26"]
[SourceVersion "1"]
[SourceVersionDate "2011.11.26"]
[SourceQuality "1"]

1. d4 d5 2. c4 e6 3. Nc3 Nf6 4. Nf3 Be7 5. Qc2 O-O 6. e3 Nbd7 7. b3 Re8 8. Bd3 Nf8 9. e4 dxe4 10. Nxe4 Nxe4 11. Bxe4 c5 12. dxc5 Bxc5 13. O-O Qc7 14. Bb2 f5 15. Be5 Bd6 16. Bxd6 Qxd6 17. Bd3 Ng6 18. c5 Qe7 19. Rfe1 Bd7 20. Bxf5 Qf6 21. Bxg6 Qxg6 22. Qxg6 hxg6 23. Ne5 Rad8 24. Rad1 Bc8 25. Rd6 b6 26. Red1 Rxd6 27. cxd6 Bb7 28. d7 Rd8 29. Rc1 Kh7 30. Rc7 Rb8 31. Rxb7 1-0

[Event "Sherbrooke op-B"]
[Site "Sherbrooke CAN"]
[Date "2008.05.23"]
[Round "1"]
[White "Furger, Josef"]
[Black "Valiquette, Simon"]
[Result "0-1"]
[WhiteElo "1280"]
[BlackElo "1522"]
[PlyCount "64"]
[GameId "2160767910354618"]
[EventDate "2008.05.23"]
[EventType "swiss"]
[EventRounds "5"]
[EventCountry "CAN"]
[SourceTitle "EXT 2011"]
[Source "ChessBase"]
[SourceDate "2011.11.26"]
[SourceVersion "1"]
[SourceVersionDate "2011.11.26"]
[SourceQuality "1"]

1. f4 d6 2. Nf3 c5 3. e3 g6 4. Be2 Bg7 5. O-O Nc6 6. c3 Nf6 7. d4 cxd4 8. cxd4 O-O 9. Nc3 a6 10. a3 b5 11. b4 Bb7 12. Qe1 d5 13. Bd3 Na7 14. h3 Nc8 15. Bb2 Nd6 16. Nd2 Nc4 17. Nxc4 dxc4 18. Be2 Nd5 19. Bf3 Nxc3 20. Bxc3 Bxf3 21. Rxf3 Qd5 22. Rd1 Rfd8 23. Kf2 e5 24. e4 Qd6 25. fxe5 Bxe5 26. d5 Re8 27. Bxe5 Rxe5 28. Re3 Rae8 29. g4 Qe7 30. Ke2 Rxe4 31. Rxe4 Qxe4+ 32. Kf2 Qf4+ 0-1

[Event "Sherbrooke op-B"]
[Site "Sherbrooke CAN"]
[Date "2008.05.23"]
[Round "1"]
[White "Nunez-Painchaud, Raphael"]
[Black "Courteau, Bernard"]
[Result "0-1"]
[WhiteElo "1602"]
[BlackElo "1515"]
[PlyCount "68"]
[GameId "2160767910354619"]
[EventDate "2008.05.23"]
[EventType "swiss"]
[EventRounds "5"]
[EventCountry "CAN"]
[SourceTitle "EXT 2011"]
[Source "ChessBase"]
[SourceDate "2011.11.26"]
[SourceVersion "1"]
[SourceVersionDate "2011.11.26"]
[SourceQuality "1"]

1. Nf3 d5 2. c4 e6 3. g3 Nf6 4. b3 d4 5. Bb2 c5 6. Bg2 Nc6 7. O-O Bd6 8. e3 e5 9. exd4 cxd4 10. Re1 O-O 11. Ba3 Re8 12. Ng5 Bf5 13. Ne4 Nxe4 14. Bxe4 Bxe4 15. Rxe4 f5 16. Re1 Bxa3 17. Nxa3 Qe7 18. Nc2 Rad8 19. a3 Qg5 20. b4 e4 21. f4 exf3 22. b5 Ne5 23. d3 h5 24. Nb4 h4 25. Qc1 Qxc1 26. Raxc1 hxg3 27. hxg3 Kf7 28. Kf2 g5 29. a4 Rd6 30. Rh1 Kg6 31. Rcd1 Rde6 32. Nd5 Ng4+ 33. Kxf3 Re2 34. Rdf1 Rd2 0-1

[Event "Sherbrooke op-B"]
[Site "Sherbrooke CAN"]
[Date "2008.05.23"]
[Round "1"]
[White "Tremblay, Manuel"]
[Black "Duclos, Alain"]
[Result "0-1"]
[WhiteElo "1514"]
[BlackElo "1778"]
[PlyCount "64"]
[GameId "2160767910354621"]
[EventDate "2008.05.23"]
[EventType "swiss"]
[EventRounds "5"]
[EventCountry "CAN"]
[SourceTitle "EXT 2011"]
[Source "ChessBase"]
[SourceDate "2011.11.26"]
[SourceVersion "1"]
[SourceVersionDate "2011.11.26"]
[SourceQuality "1"]

1. d4 Nf6 2. c4 g6 3. Nc3 Bg7 4. e4 d6 5. Be2 O-O 6. Be3 e5 7. d5 Na6 8. h3 Nc5 9. Bxc5 dxc5 10. Nf3 Ne8 11. Qc2 Nd6 12. Nd2 f5 13. f3 Qh4+ 14. Kd1 Bd7 15. Qd3 a6 16. a4 Qg3 17. Bf1 Bh6 18. Kc2 Qf2 19. Qe2 Qh4 20. Re1 fxe4 21. Ndxe4 Nxe4 22. Nxe4 Bxa4+ 23. b3 Bd7 24. g3 Qe7 25. h4 a5 26. Bh3 Bxh3 27. Rxh3 a4 28. Rb1 axb3+ 29. Rxb3 Qd7 30. g4 Ra2+ 31. Rb2 Qa4+ 32. Kd3 Qa3+ 0-1

[Event "Sherbrooke op-B"]
[Site "Sherbrooke CAN"]
[Date "2008.05.24"]
[Round "2"]
[White "Dardoura, Khaled"]
[Black "Gerard, Patrice"]
[Result "0-1"]
[WhiteElo "1509"]
[BlackElo "1625"]
[PlyCount "74"]
[GameId "2160767910354622"]
[EventDate "2008.05.23"]
[EventType "swiss"]
[EventRounds "5"]
[EventCountry "CAN"]
[SourceTitle "EXT 2011"]
[Source "ChessBase"]
[SourceDate "2011.11.26"]
[SourceVersion "1"]
[SourceVersionDate "2011.11.26"]
[SourceQuality "1"]

1. d4 Nf6 2. c4 g6 3. Nc3 Bg7 4. e4 d6 5. Nf3 O-O 6. Be2 e5 7. O-O Nc6 8. d5 Ne7 9. b4 a5 10. Ba3 b6 11. Qc2 h6 12. bxa5 Rxa5 13. Bb4 Ra8 14. Rfd1 Nh5 15. a4 f5 16. a5 bxa5 17. Rxa5 Rxa5 18. Bxa5 fxe4 19. Nxe4 Bf5 20. Nfd2 Nf4 21. Bf3 Qb8 22. Nf1 c6 23. dxc6 Nxc6 24. Bc3 g5 25. Ne3 Bh7 26. Qa2 Kh8 27. Nxg5 hxg5 28. Bxc6 Nd3 29. Rd2 Qb6 30. Bf3 Nxf2 31. Kxf2 g4 32. Ke2 gxf3+ 33. gxf3 Bh6 34. Nd5 Qg1 35. Qb2 Qxh2+ 36. Kd1 Qh1+ 37. Ke2 Qxf3+ 0-1